Týmy fotbalové Chance Národní ligy 2025/26 - Statistics

General Stats
  • This quiz has been taken 152 times
    29 since last reset
  • The average score is 12 of 16
Answer Stats
Answer % Correct
AC Sparta Praha B
100%
SK Slavia Praha B
92%
FC Baník Ostrava B
84%
FC Zbrojovka Brno
80%
FC Vysočina Jihlava
76%
FK Viktoria Žižkov
72%
SK Artis Brno
72%
FC Silon Táborsko
68%
MFK Chrudim
68%
SFC Opava
68%
SK Dynamo České Budějovice
68%
SK Hanácká Slavia Kroměříž
68%
1. SK Prostějov
64%
FC Sellier a Bellot Vlašim
64%
FK Příbram
64%
FK Viagem Ústí nad Labem
60%
No matching quizzes found
Score Distribution
Percent of People with Each Score
Percentile by Number Answered
Your Score History
You have not taken this quiz since the last reset